| 000 | 00615nam a22001817a 4500 | ||
|---|---|---|---|
| 999 |
_c15169 _d15169 |
||
| 003 | MIRAKIL | ||
| 005 | 20230222121327.0 | ||
| 008 | 230222b tu ||||| |||| 00| 0 tur d | ||
| 040 |
_aTR-AnCHP _cTR-AnCHP |
||
| 041 | _atur | ||
| 082 |
_a342.56105 _bT37 1929 |
||
| 245 | 1 | 0 | _aTeşkilâtı Esasiye Kanunu/ |
| 260 |
_aAnkara: _bDevlet matbaası, _c1929. |
||
| 300 |
_a34 s.: _bfotg.; _c17 sm. |
||
| 500 | _aTeşkilatı Esasiye Kanununun bu nüshası millet mektepleri mezunları için hususi olarak Devlet Matbaasında bastırılmıştır. | ||
| 650 | 0 |
_97341 _aTeşkilatı Esasiye Kanunu _xTürkiye |
|
| 942 |
_2ddc _cBKS |
||